[Event "Titled Tuesday intern op 09th May Late"]
[Site "Chess.com INT"]
[Date "2023.05.09"]
[Round "10"]
[White "Almedina Ortiz, Edgardo J"]
[Black "Ingunza Curro, Andres"]
[Result "0-1"]
[WhiteElo "2156"]
[BlackElo "2354"]
[PlyCount "96"]
[EventDate "2023.05.09"]
[EventType "swiss (blitz)"]
[EventRounds "11"]
[EventCountry "USA"]
[SourceTitle "CBM 214 Extra"]
[Source "ChessBase"]
[SourceDate "2023.07.31"]
[SourceVersion "1"]
[SourceVersionDate "2023.07.31"]
[SourceQuality "1"]

1. d4 Nf6 2. c4 e6 3. Nc3 Bb4 4. Qc2 0-0 5. Bg5 b6 6. Nf3 h6 7. Bxf6 Qxf6 8. a3 Bxc3+ 9. Qxc3 Bb7 10. g3 c5 11. Rd1 cxd4 12. Qxd4 Qxd4 13. Rxd4 d5 14. cxd5 Bxd5 15. Bg2 Nc6 16. Rd2 Na5 17. 0-0 Rac8 18. Ne5 Nb3 19. Rd3 Bxg2 20. Kxg2 Nc5 21. Rc3 f6 22. Ng6 Rfe8 23. b4 Kh7 24. Nf4 Ne4 25. Rxc8 Rxc8 26. Nxe6 Rc3 27. f3 Nd6 28. Rd1 Nc4 29. Rd7 Rxa3 30. Rxg7+ Kh8 31. Rc7 Ne3+ 32. Kf2 Nd5 33. Rd7 Nxb4 34. Nf4 a5 35. h4 a4 36. Nh5 Kg8 37. Nxf6+ Kf8 38. Rb7 Ra2 39. Rxb6 Nd3+ 40. Ke3 Ne5 41. Rb7 Nc4+ 42. Kd3 Ne5+ 43. Ke3 Nc4+ 44. Kf4 a3 45. e4 Rf2 46. Ra7 a2 47. Ng4 Rb2 48. Nxh6 Nd2 0-1